000 00590nam a22001937a 4500
005 20260514111047.0
010 _aENG-148476
020 _a9789395481533
_c299.00
035 _aEN-132008
037 _bDBAD
082 _aS
100 _aSharma, Natasha
_989084
245 _aBeneath Divided Skies/
_cNatasha Sharma
250 _a1
260 _bVishwakarma Publications
_c2024
_aMaharashtra
270 _a34A/1, Suyog Center, 7th floor, Gultekedi Marketyard Road, Giridhar Bhavan Chowk,
_e411037
_bPune
_minfo@vpindia.co.in
300 _a215p.
_c21cm (pb)
942 _2ddc
_cEN
_hS
_mSHA
999 _c216164
_d216164